000 01261nam a2200337Ia 4500
001 dia_6342
003 CHAP
005 20251023170948.0
008 220117s1998 xx 000 0 und d
010 _a177822
020 _a92-822-2154-7
040 _cCHAP
082 _a530.812 S97 1998
110 _aBureau International des Poids et Mesures
_9162288
245 _aLe système international d'unités (SI) = The international system of units (SI) /
_c Bureau International des Poids et Mesures
250 _a7a ed.
260 _aFrancia :
_b Organisation Intergouvernementale de la Convention du Mètre,
_c1998
300 _a152 p.
500 _aEl contenido está en francés y en inglés
505 _ap. 5-79: Versión en francés \ p. 83-152: Versión en inglés
590 _aQC91 S97 1998
650 _aMetric system
_xTables, etc.
_9162289
650 _aPesas y medidas
_xTablas, etc.
_9162290
650 _aSistema métrico
_xTablas, etc.
_9162291
650 _aWeights and measures
_xTables, etc.
_9162292
710 _aBureau International des Poids et Mesures (France)
_9162293
901 _a530.812 S97 1998
902 _aA
905 _a5232271998 fr n 8226223322fre16
942 _cLIBRO
_2ddc
999 _c177822
_d177822